| 000 | 00453nam a22001577a 4500 | ||
|---|---|---|---|
| 082 |
_a510.24332 _bTAB _cL-2, P-37 |
||
| 100 |
_aTabor, Osborne B _938978 |
||
| 245 | _aMathematics of Finance | ||
| 260 |
_aUSA _bAddison Wesley Publishing Company _c1952 |
||
| 300 | _axiii, 305.p | ||
| 526 |
_a0 _b0 _c0 _d510_243320000000000_TAB |
||
| 526 |
_a0 _b0 _c0 _d510_243320000000000_TAB |
||
| 650 |
_aMCE _9379 |
||
| 700 |
_aOsborne B Tabor _938979 |
||
| 942 |
_2ddc _cBK |
||
| 999 |
_c543575 _d543575 |
||